| 000 | 00410 a2200121 4500 | ||
|---|---|---|---|
| 005 | 20250628200626.0 | ||
| 020 | _a978-9976- 9957-1-8 | ||
| 100 | _aNational Electoral Commission | ||
| 245 | _aThe Report of the National Electoral commission on the 2015 Presidental, Parliamentary and Councillors | ||
| 260 |
_aDar es salaam _bGovernment _c2016 |
||
| 300 |
_axxiii, 140p.: ill; Figure, Map _c23cm |
||
| 942 |
_2ddc _cBKS |
||
| 999 |
_c6192 _d6192 |
||